[Event "Bern op"]
[Site "Bern"]
[Date "2023.05.19"]
[Round "4"]
[White "Ramseyer, Nicola"]
[Black "Loeffler, Markus"]
[Result "1/2-1/2"]
[WhiteElo "2081"]
[BlackElo "2250"]
[PlyCount "77"]
[EventDate "2023.05.18"]
[EventType "swiss"]
[EventRounds "7"]
[EventCountry "SUI"]
[SourceTitle "CBM 214 Extra"]
[Source "ChessBase"]
[SourceDate "2023.07.31"]
[SourceVersion "1"]
[SourceVersionDate "2023.07.31"]
[SourceQuality "1"]

1. e4 c5 2. c3 d5 3. exd5 Qxd5 4. d4 Nf6 5. Nf3 Bg4 6. dxc5 Qxd1+ 7. Kxd1 Nc6 8. Be3 0-0-0+ 9. Ke1 Nd5 10. Bb5 e6 11. Bxc6 bxc6 12. b4 Be7 13. Nbd2 Bf6 14. Nd4 Nxb4 15. cxb4 Bxd4 16. Rc1 Bxe3 17. fxe3 Rd3 18. Nc4 Kc7 19. h3 Bh5 20. g4 Bg6 21. Ke2 Rb8 22. a3 Rbd8 23. Rhd1 R8d5 24. Rxd3 Bxd3+ 25. Kf3 Bxc4 26. Rxc4 Rd3 27. a4 Ra3 28. b5 Rb3 29. Rf4 f6 30. g5 cxb5 31. gxf6 gxf6 32. axb5 Rxb5 33. Rxf6 Rxc5 34. Rxe6 h5 35. Ra6 Kb7 36. Ra1 a5 37. Kf4 Kb6 38. e4 Kc6 39. h4 1/2-1/2

[Event "SUI-ch U20"]
[Site "Flims"]
[Date "2021.07.14"]
[Round "5"]
[White "Ramseyer, Nicola"]
[Black "Bounlom, Jannik"]
[Result "1-0"]
[WhiteElo "1972"]
[BlackElo "2093"]
[PlyCount "103"]
[EventDate "2021.07.10"]
[EventType "tourn"]
[EventRounds "7"]
[EventCountry "SUI"]
[SourceTitle "EXT 2022"]
[Source "ChessBase"]
[SourceDate "2021.10.06"]
[SourceVersion "1"]
[SourceVersionDate "2021.10.06"]
[SourceQuality "1"]

1. e4 c5 2. Nf3 d6 3. Bb5+ Nd7 4. Ba4 Ngf6 5. 0-0 a6 6. c4 g6 7. Nc3 Bg7 8. h3 0-0 9. d3 Nb6 10. Bb3 Bd7 11. Be3 Bc6 12. Qd2 Nbd7 13. a4 Rb8 14. a5 Rc8 15. Nh2 Nb8 16. f4 Be8 17. Ne2 Nc6 18. Ng4 Nxg4 19. hxg4 Bd7 20. f5 Ne5 21. g5 Ng4 22. Rf3 Nxe3 23. Qxe3 Bxb2 24. Raf1 f6 25. Rh3 Rf7 26. Rh6 Rg7 27. gxf6 exf6 28. fxg6 hxg6 29. Qd2 Ba3 30. Qf4 Kf7 31. Qxd6 Rc6 32. Qd5+ Ke7 33. e5 f5 34. Ba4 Re6 35. Nf4 Bc8 36. Qxd8+ Kxd8 37. Rh8+ Kc7 38. Rxc8+ Kxc8 39. Nxe6 Re7 40. Nf4 Rxe5 41. Nxg6 Re6 42. Nf4 Re3 43. Kf2 Re5 44. Rh1 Bb4 45. Rh8+ Kc7 46. Nd5+ Rxd5 47. cxd5 Bxa5 48. Rh6 Bd2 49. d6+ Kb6 50. d7+ Kc7 51. Rh8 Bg5 52. Rc8+ 1-0

[Event "SUI-ch U20"]
[Site "Flims"]
[Date "2021.07.10"]
[Round "1"]
[White "Angst, Oliver"]
[Black "Ramseyer, Nicola"]
[Result "1-0"]
[WhiteElo "2145"]
[BlackElo "1972"]
[PlyCount "71"]
[EventDate "2021.07.10"]
[EventType "tourn"]
[EventRounds "7"]
[EventCountry "SUI"]
[SourceTitle "EXT 2022"]
[Source "ChessBase"]
[SourceDate "2021.10.06"]
[SourceVersion "1"]
[SourceVersionDate "2021.10.06"]
[SourceQuality "1"]

1. e4 c5 2. Nf3 d6 3. d4 cxd4 4. Nxd4 Nf6 5. Nc3 a6 6. h3 e6 7. g4 Nc6 8. Bg2 Qc7 9. 0-0 Be7 10. a4 Nd7 11. Nde2 Rb8 12. Bf4 Nde5 13. Bg3 h5 14. gxh5 Rxh5 15. Nd4 Rh8 16. Nxc6 bxc6 17. b3 Ng6 18. f4 Nh4 19. Bxh4 Bxh4 20. Qd3 Bb7 21. Rad1 Rd8 22. Nb1 c5 23. c4 Bf6 24. Nd2 Bd4+ 25. Kh1 Ke7 26. Nf3 Bf6 27. Qe2 g6 28. Kg1 Bg7 29. Ng5 Bh6 30. Qg4 Bc8 31. Rd3 f6 32. Nf3 e5 33. f5 Bf4 34. Nh4 gxf5 35. Qg7+ Ke6 36. exf5# 1-0

[Event "Bad Ragaz Swiss YM"]
[Site "Bad Ragaz"]
[Date "2021.03.08"]
[Round "3"]
[White "Ramseyer, Nicola"]
[Black "Angst, Oliver"]
[Result "0-1"]
[WhiteElo "2064"]
[BlackElo "2100"]
[PlyCount "120"]
[EventDate "2021.03.06"]
[EventType "tourn"]
[EventRounds "9"]
[EventCountry "SUI"]
[SourceTitle "CBM 201 Extra"]
[Source "ChessBase"]
[SourceDate "2021.05.31"]
[SourceVersion "1"]
[SourceVersionDate "2021.05.31"]
[SourceQuality "1"]

1. e4 c5 2. Nf3 d6 3. Bb5+ Nd7 4. Ba4 Ngf6 5. Qe2 a6 6. c3 b5 7. Bc2 c4 8. b3 cxb3 9. axb3 e5 10. 0-0 Be7 11. c4 bxc4 12. bxc4 Nc5 13. Ba4+ Nxa4 14. Rxa4 Bd7 15. Ra2 0-0 16. Nc3 Qc7 17. h3 Be6 18. d3 Nd7 19. Be3 Rfb8 20. Rfa1 a5 21. Nd2 h6 22. Nf1 Bg5 23. Bxg5 hxg5 24. Ne3 Nc5 25. Ned5 Bxd5 26. Nxd5 Qd8 27. Ra3 Nb3 28. Rb1 Nd4 29. Qa2 Ne2+ 30. Kh2 Rxb1 31. Qxb1 Nf4 32. Ne3 Rb8 33. Qe1 Qb6 34. Nd5 Nxd5 35. exd5 Ra8 36. Qd2 a4 37. Qc2 Qb4 38. Qa2 Ra5 39. Kg3 g6 40. Qa1 Qd2 41. f3 Qf4+ 42. Kf2 Qd2+ 43. Kg3 Qb4 44. Qc1 Kg7 45. Kg4 Qc5 46. Kg3 Qb4 47. Kg4 Ra8 48. Kg3 Rb8 49. Ra2 Qa5 50. Ra3 Rb3 51. Qa1 Qd2 52. Rxa4 Rb2 53. Qxb2 Qxb2 54. Ra6 Qb4 55. Rc6 Qa3 56. Kh2 Qxd3 57. Rc7 Qd4 58. Rc6 Kf8 59. Rc7 Ke8 60. Kh1 Qf4 0-1

[Event "Bad Ragaz Swiss YM"]
[Site "Bad Ragaz"]
[Date "2021.03.06"]
[Round "1"]
[White "Ramseyer, Nicola"]
[Black "Fecker, Noah"]
[Result "0-1"]
[WhiteElo "2064"]
[BlackElo "2308"]
[PlyCount "104"]
[EventDate "2021.03.06"]
[EventType "tourn"]
[EventRounds "9"]
[EventCountry "SUI"]
[SourceTitle "CBM 201 Extra"]
[Source "ChessBase"]
[SourceDate "2021.05.31"]
[SourceVersion "1"]
[SourceVersionDate "2021.05.31"]
[SourceQuality "1"]

1. e4 c5 2. c3 Nf6 3. e5 Nd5 4. d4 cxd4 5. Nf3 e6 6. cxd4 d6 7. Bc4 Be7 8. 0-0 0-0 9. Qe2 b6 10. Bd2 Bb7 11. Nc3 Nxc3 12. Bxc3 Nd7 13. Rfd1 dxe5 14. dxe5 Qc7 15. Bd3 Nc5 16. Bc2 a5 17. Rac1 Rfd8 18. h4 Qc6 19. h5 Rac8 20. Bb1 g6 21. Bd2 Qa4 22. Ne1 Qh4 23. hxg6 hxg6 24. Rc3 Ba6 25. Qf3 Kg7 26. Bc1 Rh8 27. Qh3 Qa4 28. Qf3 Rh5 29. Bc2 Qh4 30. Qh3 Qb4 31. a3 Qb5 32. Bd3 Nxd3 33. Qxd3 Rch8 34. f4 Qxd3 35. Rcxd3 Bxd3 36. Rxd3 Rh1+ 37. Kf2 Bh4+ 38. g3 Bxg3+ 39. Kxg3 Rxe1 40. Be3 Reh1 41. Kf3 R8h3+ 42. Ke4 Re1 43. b4 a4 44. Kd4 b5 45. Rc3 Re2 46. Ke4 Kh6 47. Kd4 Kh5 48. Ke4 Kg4 49. Rd3 Rg3 50. Rc3 Rf3 51. Kd4 Kf5 52. Rd3 Rexe3 0-1

[Event "EU-ch Online U18"]
[Site "Tornelo INT"]
[Date "2020.09.20"]
[Round "7"]
[White "Tsarsitalidis, Konstantinos"]
[Black "Ramseyer, Nicola"]
[Result "0-1"]
[WhiteElo "1962"]
[BlackElo "2084"]
[PlyCount "72"]
[EventDate "2020.09.18"]
[EventType "swiss (rapid)"]
[EventRounds "9"]
[EventCountry "ENG"]
[SourceTitle "CBM 198 Extra"]
[Source "ChessBase"]
[SourceDate "2020.11.30"]
[SourceVersion "1"]
[SourceVersionDate "2020.11.30"]
[SourceQuality "1"]

1. e4 c5 2. Nf3 g6 3. d4 cxd4 4. Nxd4 Bg7 5. Nc3 Nc6 6. Be3 Nf6 7. Bc4 Qa5 8. 0-0 d6 9. Bb3 0-0 10. Nd5 Re8 11. Nxf6+ Bxf6 12. c3 Bd7 13. Re1 Rac8 14. f4 Kg7 15. Qd3 Rcd8 16. Nf3 Rf8 17. h3 Bc8 18. Qd2 e6 19. Rad1 Qc7 20. f5 Rfe8 21. fxg6 fxg6 22. Bh6+ Kh8 23. Rf1 Bg7 24. Bg5 Rd7 25. Nd4 Nxd4 26. cxd4 Rf7 27. Rxf7 Qxf7 28. Rf1 Qc7 29. Kh1 b5 30. Qb4 Bd7 31. Bf4 e5 32. dxe5 dxe5 33. Bg5 Bc6 34. Rf7 Qc8 35. Qa5 Bxe4 36. Qxa7 Qxh3+ 0-1

[Event "EU-ch Online U18"]
[Site "Tornelo INT"]
[Date "2020.09.18"]
[Round "1"]
[White "Mai, Alexander Oliver"]
[Black "Ramseyer, Nicola"]
[Result "1-0"]
[WhiteElo "2055"]
[BlackElo "2084"]
[PlyCount "107"]
[EventDate "2020.09.18"]
[EventType "swiss (rapid)"]
[EventRounds "9"]
[EventCountry "ENG"]
[SourceTitle "CBM 198 Extra"]
[Source "ChessBase"]
[SourceDate "2020.11.30"]
[SourceVersion "1"]
[SourceVersionDate "2020.11.30"]
[SourceQuality "1"]

1. e4 c5 2. Nf3 g6 3. d4 cxd4 4. Nxd4 Bg7 5. c4 Nc6 6. Be3 Nf6 7. Nc3 0-0 8. Be2 b6 9. 0-0 Bb7 10. f3 Rc8 11. Qd2 Nh5 12. Nc2 Ne5 13. b3 f5 14. exf5 gxf5 15. Bh6 Rc6 16. Bxg7 Nxg7 17. Rad1 Rg6 18. Nd5 Ne6 19. Nf4 Nxf4 20. Qxf4 Nc6 21. Qd2 d6 22. Ne3 Rf7 23. Rf2 Qf8 24. Nd5 f4 25. Bd3 Rg5 26. Bc2 Ne5 27. Be4 Bc8 28. Nc3 Kh8 29. Nb5 Rfg7 30. Kf1 a6 31. Nd4 Rh5 32. h3 Qf6 33. Nc6 Nxc6 34. Bxc6 Qg5 35. Re1 b5 36. cxb5 axb5 37. Re4 Ba6 38. b4 Rf7 39. Qd4+ Qg7 40. Qxg7+ Kxg7 41. Rd2 Rhf5 42. Rd3 h5 43. Ra3 Bc8 44. Ra5 d5 45. Rd4 R7f6 46. Bxb5 Re6 47. Bd3 Rfe5 48. Rxf4 Re3 49. Rd4 Rxd3 50. Rxd3 Ba6 51. b5 Bb7 52. Ra7 Rb6 53. a4 e5 54. Rb3 1-0